[Event "Collado Villalba 2000"]
[Site "Collado Villalba ESP"]
[Date "2000.08.29"]
[Round "7"]
[White "Madina, Martin"]
[Black "Bandres Carballo, Julio"]
[Result "0-1"]
[WhiteElo "2267"]
[BlackElo "2151"]
[PlyCount "72"]
[EventDate "2000.08.22"]
[EventType "swiss"]
[EventRounds "9"]
[EventCountry "ESP"]
[SourceTitle "AjedrezenMadrid.com"]
[Source "lmi"]
[SourceDate "2000.08.01"]
[SourceVersion "1"]
[SourceVersionDate "2020.12.27"]
[SourceQuality "2"]

1. e4 e5 2. Nf3 Nc6 3. Bb5 a6 4. Ba4 Nf6 5. Bxc6 dxc6 6. d3 Bd6 7. Nbd2 Qe7 8.
Nc4 Bg4 9. h3 Bh5 10. Ne3 Bxf3 11. Qxf3 g6 12. Bd2 Nd7 13. O-O-O O-O-O 14. Kb1
Kb8 15. Qe2 Nf8 16. g3 Ne6 17. c3 Rd7 18. Bc1 Bc5 19. Nc4 f6 20. f4 b5 21. Na5
Qd6 22. fxe5 fxe5 23. Rhf1 Bb6 24. Nb3 Rhd8 25. Be3 Bxe3 26. Qxe3 c5 27. Rd2
Qb6 28. Rf6 Rd6 29. Nc1 c4 30. Qxb6+ cxb6 31. Rdf2 Nc5 32. Rxd6 Rxd6 33. Rf8+
Kc7 34. Rf7+ Rd7 35. Rxd7+ Kxd7 36. b4 cxd3 0-1

[Event "Collado Villalba 2000"]
[Site "Collado Villalba ESP"]
[Date "2000.08.29"]
[Round "7"]
[White "Martin Rueda, Daniel"]
[Black "Kalashnikov, Alexey"]
[Result "0-1"]
[WhiteElo "2133"]
[BlackElo "2258"]
[PlyCount "58"]
[EventDate "2000.08.22"]
[EventType "swiss"]
[EventRounds "9"]
[EventCountry "ESP"]
[SourceTitle "AjedrezenMadrid.com"]
[Source "lmi"]
[SourceDate "2000.08.01"]
[SourceVersion "1"]
[SourceVersionDate "2020.12.27"]
[SourceQuality "2"]

1. e4 e5 2. Nf3 Nc6 3. Nc3 Nf6 4. d4 exd4 5. Nd5 Nxe4 6. Qe2 f5 7. Ng5 d3 8.
Qxd3 Nb4 9. Nxb4 Bxb4+ 10. c3 Nxg5 11. cxb4 O-O 12. Be2 d6 13. h4 Nf7 14. Bd2
Be6 15. Rc1 Qe7 16. Kf1 Rae8 17. Re1 Ne5 18. Qd4 Qf7 19. b3 f4 20. Bb5 Rd8 21.
h5 c6 22. Bd3 f3 23. g3 Nxd3 24. Qxd3 Bf5 25. Qd4 c5 26. Qh4 Qd5 27. Be3 Rde8
28. Kg1 Re4 29. Qg5 h6 0-1

[Event "Collado Villalba 2000"]
[Site "Collado Villalba ESP"]
[Date "2000.08.29"]
[Round "7"]
[White "Roa Alonso, Santiago"]
[Black "Belezky, Sasha"]
[Result "1/2-1/2"]
[WhiteElo "2358"]
[BlackElo "2391"]
[PlyCount "30"]
[EventDate "2000.08.22"]
[EventType "swiss"]
[EventRounds "9"]
[EventCountry "ESP"]
[SourceTitle "AjedrezenMadrid.com"]
[Source "lmi"]
[SourceDate "2000.08.01"]
[SourceVersion "1"]
[SourceVersionDate "2020.12.27"]
[SourceQuality "2"]

1. e4 e6 2. d4 d5 3. Nc3 dxe4 4. Nxe4 Nd7 5. Nf3 Ngf6 6. Bd3 Nxe4 7. Bxe4 Nf6
8. Bd3 c5 9. O-O cxd4 10. Bf4 Bd6 11. Bxd6 Qxd6 12. Qe2 O-O 13. Rad1 Qb6 14. b3
Rd8 15. Bc4 Bd7 1/2-1/2

[Event "Collado Villalba 2000"]
[Site "Collado Villalba ESP"]
[Date "2000.08.29"]
[Round "7"]
[White "Sanz Montarelo, Teodoro"]
[Black "Garcia, Raul"]
[Result "1/2-1/2"]
[WhiteElo "2179"]
[BlackElo "2318"]
[PlyCount "49"]
[EventDate "2000.08.22"]
[EventType "swiss"]
[EventRounds "9"]
[EventCountry "ESP"]
[SourceTitle "AjedrezenMadrid.com"]
[Source "lmi"]
[SourceDate "2000.08.01"]
[SourceVersion "1"]
[SourceVersionDate "2020.12.27"]
[SourceQuality "2"]

1. e4 c5 2. Nf3 e6 3. d4 cxd4 4. Nxd4 a6 5. Nc3 b5 6. a3 Bb7 7. Be2 d6 8. f4
Qc7 9. O-O Nf6 10. Bf3 Nc6 11. Kh1 Be7 12. Be3 O-O 13. Qe2 Rfe8 14. Rae1 Nxd4
15. Bxd4 e5 16. Be3 d5 17. exd5 exf4 18. Bd4 Bc5 19. Qf2 Bxd4 20. Qxd4 Qd6 21.
Kg1 Rad8 22. Ne4 Nxe4 23. Rxe4 Rxe4 24. Bxe4 g6 25. Bd3 1/2-1/2

[Event "Collado Villalba 2000"]
[Site "Collado Villalba ESP"]
[Date "2000.08.20"]
[Round "8"]
[White "Belezky, Sasha"]
[Black "Bandres Carballo, Julio"]
[Result "1/2-1/2"]
[WhiteElo "2391"]
[BlackElo "2151"]
[PlyCount "67"]
[EventDate "2000.08.22"]
[EventType "swiss"]
[EventRounds "9"]
[EventCountry "ESP"]
[SourceTitle "AjedrezenMadrid.com"]
[Source "lmi"]
[SourceDate "2000.08.01"]
[SourceVersion "1"]
[SourceVersionDate "2020.12.27"]
[SourceQuality "2"]

1. e4 e5 2. Nf3 Nc6 3. Nc3 Nf6 4. d4 exd4 5. Nxd4 Bb4 6. Nxc6 bxc6 7. Bd3 d5 8.
exd5 cxd5 9. O-O O-O 10. Bg5 c6 11. Ne2 h6 12. Bh4 Be7 13. Nd4 Qc7 14. c3 c5
15. Ne2 Rb8 16. b3 Be6 17. Qc1 Nh5 18. Bxe7 Qxe7 19. Nf4 Nxf4 20. Qxf4 Rfd8 21.
Rfe1 Qd6 22. Qxd6 Rxd6 23. f4 Kf8 24. f5 Bd7 25. Rad1 a5 26. Bc2 Re8 27. Rxe8+
Kxe8 28. Kf2 Bc6 29. g4 Rd7 30. a3 Ke7 31. Re1+ Kd6 32. Re8 Re7 33. Rd8+ Kc7
34. Rg8 1/2-1/2

[Event "Collado Villalba 2000"]
[Site "Collado Villalba ESP"]
[Date "2000.08.20"]
[Round "8"]
[White "Candela Perez, Jose"]
[Black "Lorite Cruz, Francisco"]
[Result "1-0"]
[WhiteElo "2416"]
[BlackElo "2198"]
[PlyCount "81"]
[EventDate "2000.08.22"]
[EventType "swiss"]
[EventRounds "9"]
[EventCountry "ESP"]
[SourceTitle "AjedrezenMadrid.com"]
[Source "lmi"]
[SourceDate "2000.08.01"]
[SourceVersion "1"]
[SourceVersionDate "2020.12.27"]
[SourceQuality "2"]

1. e4 c6 2. d4 d5 3. e5 Bf5 4. Nc3 Qb6 5. g4 Bd7 6. Bg2 e6 7. Nge2 c5 8. O-O
cxd4 9. Nxd4 Nc6 10. Nxc6 Bxc6 11. Be3 Bc5 12. Bxc5 Qxc5 13. Ne2 Ne7 14. Nd4
Bd7 15. Qd2 Nc6 16. Nb3 Qb6 17. Rae1 a5 18. c3 a4 19. Nc1 Na5 20. Nd3 Nc4 21.
Qg5 O-O 22. Re2 Bb5 23. Rd1 a3 24. bxa3 Ba4 25. Rc1 Rac8 26. Nf4 Qd8 27. Qh5
Qe7 28. Rce1 Rfd8 29. g5 Bc6 30. Qg4 g6 31. h4 d4 32. cxd4 Rxd4 33. Nxg6 Rxg4
34. Nxe7+ Kf8 35. Nxc6 Rxc6 36. Re4 Rxe4 37. Bxe4 Rc5 38. f4 Kg7 39. Rc1 b6 40.
a4 Rc8 41. Rc2 1-0

[Event "Collado Villalba 2000"]
[Site "Collado Villalba ESP"]
[Date "2000.08.20"]
[Round "8"]
[White "Kalashnikov, Alexey"]
[Black "Korneev, Oleg"]
[Result "0-1"]
[WhiteElo "2258"]
[BlackElo "2619"]
[PlyCount "58"]
[EventDate "2000.08.22"]
[EventType "swiss"]
[EventRounds "9"]
[EventCountry "ESP"]
[SourceTitle "AjedrezenMadrid.com"]
[Source "lmi"]
[SourceDate "2000.08.01"]
[SourceVersion "1"]
[SourceVersionDate "2020.12.27"]
[SourceQuality "2"]

1. e4 e5 2. Nf3 Nc6 3. Bb5 a6 4. Ba4 Nf6 5. d3 Bc5 6. Bg5 h6 7. Be3 Bxe3 8.
fxe3 d6 9. O-O O-O 10. Nc3 b5 11. Bb3 Na5 12. Qe1 c6 13. Nh4 Nxb3 14. axb3 g6
15. h3 Nh7 16. b4 Ng5 17. Qg3 Ra7 18. d4 Re7 19. Rad1 Kg7 20. Nf3 exd4 21. Rxd4
Nxf3+ 22. Qxf3 Re6 23. Rfd1 Qe7 24. Qg3 Rd8 25. R1d3 h5 26. Ne2 Rxe4 27. Rxe4
Qxe4 28. Rxd6 h4 29. Nc3 Qe7 0-1

[Event "Collado Villalba 2000"]
[Site "Collado Villalba ESP"]
[Date "2000.08.20"]
[Round "8"]
[White "Perez, Rodney"]
[Black "Barria, Daniel"]
[Result "1/2-1/2"]
[WhiteElo "2478"]
[BlackElo "2326"]
[PlyCount "29"]
[EventDate "2000.08.22"]
[EventType "swiss"]
[EventRounds "9"]
[EventCountry "ESP"]
[SourceTitle "AjedrezenMadrid.com"]
[Source "lmi"]
[SourceDate "2000.08.01"]
[SourceVersion "1"]
[SourceVersionDate "2020.12.27"]
[SourceQuality "2"]

1. e4 e6 2. d4 d5 3. Nc3 Bb4 4. e5 c5 5. Bd2 Ne7 6. Nb5 Bxd2+ 7. Qxd2 O-O 8. c3
Nbc6 9. f4 Qb6 10. Nf3 Bd7 11. dxc5 Qxc5 12. Nbd4 Rac8 13. Be2 Nxd4 14. Nxd4
Nc6 15. Rd1 1/2-1/2